| 000 | 00822nam a22002177a 4500 | ||
|---|---|---|---|
| 999 |
_c12925 _d12925 |
||
| 003 | AR-CdUCM | ||
| 008 | 190410b ||||| |||| 00| 0 spa d | ||
| 040 |
_aMUNICIPALIDAD PROVINCIAL DEL CUSCO _cBIBLIOTECA MUNICIPAL DEL CUSCO |
||
| 082 |
_aC / 301.985 / _bN94 |
||
| 100 |
_aNúñez Anavitrte, Carlos _931058 |
||
| 245 | _aMariategui y el descentralismo / | ||
| 260 |
_aCuzco : _bGarcilaso, _c1958. |
||
| 300 |
_a76 páginas ; _c25 cm. |
||
| 500 | _aDedicatoria para la biblioteca municipal. | ||
| 505 | _aVigencia del pensamiento de Mariategui -- Las ponencias básicas del planteamiento -- El regionalismo como autonomía del poder gamonal... | ||
| 650 |
_aMariategui. _95414 |
||
| 650 |
_aPensamiento de Mariategui. _931059 |
||
| 650 |
_aDescentralismo. _930899 |
||
| 942 |
_2ddc _cLIBROS |
||
| 945 |
_awfj _d2019-04-10 |
||